000 00308nam a22001217a 4500
040 _c333
082 _a333 ROB 1999 C090
100 _aROBERT R ALEXANDER
245 _aBioeconomic modelling of endangered species conservation
260 _aPhnom Penh
_bROB
_c1999
300 _a31p.
_bill.
_c29cm.
942 _cEK
999 _c11112
_d11112